000 01114cam a2200349 a 4500
001 12416745
003 ost
005 20140314143256.0
008 010522s2002 nyua b 000 1 eng
010 _a 2001040019
020 _a043934039
040 _aDLC
_cDLC
_dDLC
042 _alcac
050 0 0 _aPZ 8.3
_b.M551155Bi 2001
100 1 _aMedearis, Angela Shelf,
_d1956-
_927834
245 1 4 _aThe biggest snowball fight! /
_cby Angela Shelf Medearis ; illustrated by Jackie Snider.
260 _aNew York :
_bScholastic,
_c2001
300 _a1 v. (unpaged) :
_bcol. ill. ;
_c23 cm.
440 0 _aRhyme time readers
_927835
521 _aG2
526 _c490
562 _e1
650 1 _aSnow
_vFiction.
_927836
650 1 _aDance
_vFiction.
_927837
650 1 _aHumorous stories.
_93831
650 1 _aStories in rhyme.
_95554
700 1 _aSnider, Jackie,
_eill.
_927838
906 _a7
_bcbc
_corignew
_d1
_eocip
_f20
_gy-gencatlg
942 _2lcc
_cBK
999 _c47363
_d47363